Central Library OPAC University of Rajshahi

ভারতের নৃত্যকলা / (Record no. 55963)

MARC details
000 -LEADER
fixed length control field 00908nam a2200241 a 4500
001 - CONTROL NUMBER
control field 55963
003 - CONTROL NUMBER IDENTIFIER
rucl marc code BD-RjUL
005 - DATE AND TIME OF LATEST TRANSACTION
control field 20211209080334.0
008 - FIXED-LENGTH DATA ELEMENTS--GENERAL INFORMATION
fixed length control field 161124s2002 bg ||||| |||| 00| 0 ben d
020 ## - INTERNATIONAL STANDARD BOOK NUMBER
Terms of availability : TK 175.00
035 ## - SYSTEM CONTROL NUMBER
System control number (BD-RjUL)56087
040 ## - CATALOGING SOURCE
Original cataloging agency BD-RjUL
Language of cataloging ben
Transcribing agency BD-RjUL
041 ## - LANGUAGE CODE
Language code of text/sound track or separate title ben
082 ## - DEWEY DECIMAL CLASSIFICATION NUMBER
Edition number 23
Classification number 793.310954
Author mark and year CHB 2002
100 ## - MAIN ENTRY--PERSONAL NAME
Personal name চট্রোপাধ্যায়, গায়ত্রী
9 (RLIN) 166586
245 10 - TITLE STATEMENT
Title ভারতের নৃত্যকলা /
Statement of responsibility, etc. গায়ত্রী চট্রোপাধ্যায়
250 ## - EDITION STATEMENT
Edition statement করুণা সং .
260 ## - PUBLICATION, DISTRIBUTION, ETC. (IMPRINT)
Place of publication, distribution, etc. কলকাতা :
Name of publisher, distributor, etc. করূণা প্রকাশনী,
Date of publication, distribution, etc. ২০০২
300 ## - PHYSICAL DESCRIPTION
Pagination ৪৮০ পৃ. ;
Size ১৯ সেমি .
650 ## - SUBJECT ADDED ENTRY--TOPICAL TERM
Topical term or geographic name as entry element জাতীয় নৃত্য
Geographic subdivision ভারত
9 (RLIN) 166587
Topical term or geographic name as entry element National dancing
Geographic subdivision India
9 (RLIN) 127966
942 ## - ADDED ENTRY ELEMENTS (KOHA)
Source of classification or shelving scheme Dewey Decimal Classification
Koha item type Books
Holdings
Lost status Source of classification or shelving scheme Damaged status Not for loan Collection code Permanent Location Current Location Shelving location Date acquired Source of acquisition Cost, normal purchase price Total Checkouts Full call number Date last seen Copy number Koha item type
  Dewey Decimal Classification     Non-fiction Central Library, University of Rajshahi Central Library, University of Rajshahi   12/07/2008 Paragon Enterprises Dhaka 175.00   B 793.310954 CHB 2002 24/11/2016 C-2 Books
  Dewey Decimal Classification   Not For Loan Non-fiction Central Library, University of Rajshahi Central Library, University of Rajshahi Reading Room 18/08/1973 Varotio High Comissioner, Rajshahi     B 793.310954 CHB 2002 02/02/2017 C-1 Books